[Hernani / (Record no. 182062)

MARC details
000 -LEADER
campo de control de longitud fija 00989nam a2200241 i 4500
001 - NÚMERO DE CONTROL
campo de control 182062
003 - IDENTIFICADOR DE NÚMERO DE CONTROL
campo de control ES-MaACL
005 - FECHA Y HORA DE LA ÚLTIMA TRANSACCIÓN
campo de control 20251015143342.0
008 - DATOS DE LONGITUD FIJA--INFORMACIÓN GENERAL
campo de control de longitud fija 130528q18501899fr a |||| | fre d
100 1# - ENTRADA PRINCIPAL--NOMBRE DE PERSONA
Nombre de persona Hugo, Victor,
Fechas asociadas al nombre 1802-1885
9 (RLIN) 64627
245 11 - MENCIÓN DEL TÍTULO
Título [Hernani /
Mención de responsabilidad, etc. Victor Hugo ; illustré par Foulquier].
260 ## - PUBLICACIÓN, DISTRIBUCIÓN, ETC.
Lugar de publicación, distribución, etc. Paris :
Nombre del editor, distribuidor, etc. J. Hetzel : Librairie Maresdq et Cie : Librairie Blanchard,
Fecha de publicación, distribución, etc. [s.a.] (
Fabricante Typ. Simon Raçon et Ce.)
300 ## - DESCRIPCIÓN FÍSICA
Extensión 48 p. :
Otras características físicas il. ;
Dimensiones 28 cm.
490 1# - MENCIÓN DE SERIE
Mención de serie Théatre de Victor Hugo
594 #1 - Nota al título y mención de responsabilidad
Nota al título y mención de responsabilidad Tit., autor y editor tomado de la primera página del texto.
596 ## - NOTA AL PIE DE IMPRENTA
NOTA AL PIE DE IMPRENTA Probablemente impreso en la segunda mitad del siglo XIX.
597 ## - NOTA DE DESCRIPCIÓN FÍSICA
NOTA DE DESCRIPCIÓN FÍSICA Texto a dos columnas.
598 ## - NOTA LOCAL
Nota local Mención de la serie tomado de encabezamiento de las páginas pares.
700 1# - ENTRADA AGREGADA--NOMBRE PERSONAL
Nombre de persona Foulquier, Valentin,
Fechas asociadas al nombre 1822-1896
9 (RLIN) 152770
830 0# - PUNTO DE ACCESO ADICIONAL DE SERIE-TÍTULO UNIFORME
Título uniforme Théatre de Victor Hugo
9 (RLIN) 187975
852 ## - LOCALIZACIÓN
Ubicación ES-MaACL
Número de control de estantería C-1913(8)
condición física .- Ejemplar sin portada en un vol. facticio
Holdings
Estatus retirado Estado de pérdida Estado de daño No para préstamo Biblioteca de origen Biblioteca actual Ubicación en estantería Fecha de adquisición Fuente de adquisición Total de préstamos Signatura topográfica completa Código de barras Visto por última vez Precio de reemplazo Tipo de ítem Koha
        Biblioteca del Ateneo de Madrid Biblioteca del Ateneo de Madrid Galería 28/05/2013     C-1913(8) 1191323 23/02/2023 23/02/2023 Libro impreso